|
|
|
|
| LEADER |
00788nam a22002532a 4500 |
| 001 |
001112212 |
| 003 |
CZ BrMZK |
| 005 |
20110309130948.0 |
| 007 |
ta |
| 008 |
100826s1982 xo er|||||||||||slo d |
| 040 |
|
|
|a BOA001
|b cze
|
| 100 |
1 |
|
|a Tölgyessy, Juraj,
|d 1931-2014
|7 jn19990008588
|4 aut
|
| 245 |
1 |
0 |
|a Voda nad zlato /
|c Juraj Tölgyessy, Milan Piatrik
|
| 250 |
|
|
|a 1. vyd.
|
| 260 |
|
|
|a Bratislava :
|b Obzor,
|c 1982
|
| 300 |
|
|
|a 488 s.
|
| 490 |
1 |
|
|a Malá moderná encyklopédia
|
| 504 |
|
|
|a Obsahuje bibliografii
|
| 700 |
1 |
|
|a Piatrik, Milan,
|d 1943-
|7 jx20050608041
|4 aut
|
| 830 |
|
0 |
|a Malá moderná encyklopédia
|
| 910 |
|
|
|a BOA001
|b 2-0849.683
|
| 990 |
|
|
|a BK
|
| 991 |
|
|
|b 201008
|
| 996 |
7 |
|
|b 2619362222
|c 2-0849.683
|l MZK
|r Sklad / do 1 hodiny
|n 0
|w 001139721
|u 000010
|a 1
|e BOA001
|j MZK50
|s A
|